Ještě jednou k rozpočtu.

Informácie o funkciách a vývoji štátneho rozpočtu ČR v období ekonomickej reformy v r. 1993. Hodnotenie rozpočtu ČSFR v kontexte s jeho minulým vývojom. Rozpočtové hospodárenie a fiškálna politika. Vývoj príjmov a výdavkov rozpočtu v r. 1989-1992. Zníženie reálneho hrubého domáceho produktu o viac n...

Full description

Saved in:
Bibliographic Details
Main Author: Kameníčková, Věra
Format: Book Chapter
Language:Czech
Subjects:
Tags: Add Tag
No Tags, Be the first to tag this record!

MARC

LEADER 00000naa a2200000 4500
001 r011939
005 20230221120917.1
041 0 |a cze 
044 |a CZ 
245 1 0 |a Ještě jednou k rozpočtu.  |c Věra Kameníčková 
520 |a Informácie o funkciách a vývoji štátneho rozpočtu ČR v období ekonomickej reformy v r. 1993. Hodnotenie rozpočtu ČSFR v kontexte s jeho minulým vývojom. Rozpočtové hospodárenie a fiškálna politika. Vývoj príjmov a výdavkov rozpočtu v r. 1989-1992. Zníženie reálneho hrubého domáceho produktu o viac než 20 perc. v období 1990-1992. 
610 2 0 |a rozpočet štátny 
610 2 0 |a politika rozpočtová 
610 2 0 |a Čechy 
610 2 0 |a reformy hospodárske 
610 2 0 |a ČSFR 
610 2 0 |a zmeny štruktúrne 
610 2 0 |a výdavky rozpočtu štátneho 
610 2 0 |a príjmy rozpočtu štátneho 
610 2 0 |a ukazovatele ekonomické 
610 2 0 |a politika fiškálna 
610 2 0 |a 1989-1992 
610 2 0 |a 1993 
610 2 0 |a produkt domáci hrubý 
610 2 0 |a dotácie 
100 1 |a Kameníčková, Věra